00721nam a22001937a 4500003000400000005001700004008004100021020001800062040002400080050001600104082001600120100003900136245004100175260005100216942001800267999001700285952011100302952011400413OSt20211008164030.0211008b |||||||| |||| 00| 0 eng d a0 272 00061 2 cHawassa University  a616.075/BAS a616.075/BAS aKirk, Clive J C[et......al]911819 aBasic Medical Laboratory Technology  aNew YorkbA Willy Biomedical Publishing c1975 2ddccBOOKSn0 c10981d10981 00102ddc4070a002b002d2021-10-08o616.075/BASpALIB0006266r2021-10-08 00:00:00t1w2021-10-08yBOOKS 00102ddc4070a002b002d2022-01-13l0o616.075/BASpALIB0013783r2022-01-13 00:00:00t2w2022-01-13yBOOKS